Statistics for Features of the UK on a map

Click here to take the quiz!

General Stats

  • This quiz has been taken 313 times
  • The average score is 18 of 23

Answers on the Map

Answers color-coded by a green-red scale on the quiz's map according to % correct below.
 

Answer Stats

HintAnswer% Correct
Biggest citiesLondon
98%
Biggest citiesManchester
95%
4 Countries of the UKScotland
95%
4 Countries of the UKEngland
94%
4 Countries of the UKNorthern Ireland
94%
4 Countries of the UKWales
94%
Biggest citiesBirmingham
93%
A lake home to a monsterLoch Ness
93%
Biggest citiesLiverpool
92%
Closest countriesIreland
91%
Closest countriesFrance
90%
Closest countriesNetherlands
84%
Closest countriesBelgium
83%
Famous MonumentStonehenge
83%
Biggest citiesLeeds
82%
Tallest MountainBen Nevis
77%
Biggest stadiumsWembley Stadium
75%
The City Bloody Sunday Took placeLondonderry
69%
An area of 40,000 basalt columnsGiant's Causeway
61%
Biggest stadiumsOld Trafford
52%
National ParksSnowdonia
48%
Capital from 927 to 1066Winchester
44%
Largest LakeLough Neagh
20%

Score Distribution

Percentile by Number Answered

Percent of People with Each Score

Your Score History

You have not taken this quiz